1580 1287 1810 1573 1166 1494 1513 1521 1903 1856 1794 1068 1481 1445 1609 1763 1945 1258 1184 1856 1808 1264 1783 1837 1265 1814 1152 1769 1299 1032 1358 1098 1846 1056 1188 1381 1262 1316 1430 1730 1846 1754 1426 1631 1735 1634 1458 1395 1089 1335 1363 1272 1361 1669 1743 1486 1943 1586 1762 1094 1880 1588 1460 1643 1434 1827 1694 1422 1688 1847 1490 1018 1572 1802 1822 1830 1624 1038 1401 1634 1659 1632 1559 1407 1144 1677 1586 1067 1300 1492 1764 1823 1739 1472 1543 1975 1567 1554 1660 BCNSPRNW ULIB Ver.6.0+V

เปลี่ยนเป็นภาษาไทย

Change to English
 แสดงรายละเอียดบรรณานุกรม
  กลับหน้าหลัก

Brief Record : Get Marc (ISO 2709) : E-mail record : QR code < ปิดหน้าต่าง
LEADER : 00000nam 2200000uu 4500
001    13399123374
003     ULIB
008    140901s2530||||th 000 0 tha d
099    วจ WY85^bร271ก
100 0  ระจิตร์ นิคมรัฎ, สุจินต์ ยมศรีเดช, สุวลักษณ์ ตั้งประดิษฐ์ และอุษา ผูกเกษร
245 00 การศึกษาคุณลักษณะทางจริยธรรมของนักศึกษาวิทยาลัยพยาบาลสวรรค์ประชารักษ์ นครสวรรค์/^cระจิตร์ นิคมรัฎ, สุจินต์ ยมศรีเดช, สุวลักษณ์ ตั้งประดิษฐ์ และอุษา ผูกเกษร
260    นครสวรรค์ :^bวิทยาลัยพยาบาลสวรรค์ประชารักษ์ นครสวรรค์,^c2530
300    66 หน้า
650  0 จริยธรรมทางการการพยาบาล^xวิจัย
945    ^p0^l0^i009033
999    ^aเกษร โพธิ์สุวรรณ
รายการนี้ยังไม่มีแท็ก
คุณยังไม่ได้ล็อกอิน คุณสามารถมีกิจกรรมร่วมกับเว็บไซต์ได้ แต่ต้องล็อกอินก่อน ::
  ล็อกอิน

รายการสื่อสารสนเทศ

ลำดับที่ ประเภท เลขเรียก/บาร์โค้ด สถานที่ สถานะ
1. งานวิจัย
งานวิจัย
วจ WY85 ร271ก ฉ.1 
  Barcode: 009033
ห้องสมุดวิทยาเขตสวรรค์ประชารักษ์
►วิจัย
บนชั้น

BibComment


ยังไม่เคยถูกคอมเมนท์

คอมเมนท์ทรัพยากรรายการนี้
  คอมเมนท์: การศึกษาคุณลักษณะ..


 Copyright 2026. Bcnsprnw @Library